Economia : butlletí mensual del Departament d'Economia de la Generalitat de Catalunya butlletí mensual del Departament d'Economia de la Generalitat de Catalunya

Descripción Física: 3 volums : il·lustracions, periodicitat mensual ; 27 cm
Colección: 1937 (1, 2, 3)
Idioma: Catalán

MARC

LEADER 00000nas a2200000 a 4500
003 Arxiu
005 20260324175558.0
008 160829d19371937spcmr px s cat c
040 |a AGDB 
080 |a Revistes 
245 0 0 |a Economia :  |b butlletí mensual del Departament d'Economia de la Generalitat de Catalunya 
260 |a Barcelona :  |b Departament d'Economia de la Generalitat de Catalunya,  |c 1937-193? 
300 |a 3 volums :  |b il·lustracions, periodicitat mensual ;  |c 27 cm 
310 |a Mensual 
362 |a Any 1, núm. 1 (set. 1937)- 
490 |a 1937 (1, 2, 3) 
590 |a Mensual.  
590 |a Continuació de: Butlletí trimestral / Conselleria d'Economia 
610 1 0 |9 56401  |a Catalunya.   |b Conselleria d'Economia 
610 1 0 |a Catalunya.   |b Conselleria d'Economia  |v Revistes  |9 56402 
650 0 |a Economia  |v Revistes  |9 11548 
651 0 |a Catalunya  |x Condicions econòmiques  |y S. XX  |v Revistes  |9 56403 
710 1 |9 56401  |a Catalunya.   |b Conselleria d'Economia  |e entitat editora 
780 0 0 |a Butlletí trimestral / Conselleria d'Economia de la Generalitat de Catalunya 
866 |a 1937 (1,2,3) 
901 |a Arxiu 
942 |n 1  |2 udc  |c REV 
952 |0 0  |1 0  |4 0  |6 REV2148  |7 1  |9 46312  |a Arxiu  |b Arxiu  |d 2016-12-01  |o Rev-2148  |p 27910  |r 2016-12-01 00:00:00  |w 2016-12-01  |y ARXIU 
999 |c 49926  |d 49926